01274cam a22002771 4500001001300000003000400013005001700017008004100034010001700075035001800092040007600110042001200186050002700198051001700225100003300242245005300275260016200328300003600490490005300526500003800579500001600617501023100633504002800864650002800892810007600920hew65000044 DLC20260227111513.0731210s1964 dcuab b f000 0 eng c ahew65000044  a(OCoLC)757286 aU.S. Dept. of Health, Education, and Welfare. LibrarycOClUdOCoLCdDLC apremarc00aL111b.A6 1964, no. 34 aLA2121b.B461 aBerrien, Marcia Taff,d1925-00aEducation in New Zealand,cby Marcia T. Berrien. a[Washington]bU.S. Dept. of Health, Education, and Welfare, Office of Education; [for sale by the Superintendent of Documents, U.S. Govt. Print. Off.,c1964] avi, 87 p.billus., map.c24 cm.1 aU.S. Office of Education. Bulletin 1964,vno. 34 aStudies in comparative education. a"OE-14105." aCopies 1 and 2 of L111.A6 with: Education in Peru / Adela R. Freeburger and Charles E. Hauch. Washington : U.S. Dept. of Health, Education, and Welfare, Office of Education, 1964. Bound together subsequent to publication.5DLC aBibliography: p. 85-87. 0aEducationzNew Zealand.1 aUnited States.bOffice of Education.tStudies in comparative education.